000 00490nam a22001937a 4500
003 MPLRDC
005 20220104144104.0
008 210129b ||||| |||| 00| 0 eng d
020 _a957-496-406-2
082 _a848.2 OYL v.15 c.2
100 _a欧阳林著
245 _aDR.O便利商店
_c
250 _a初版
260 _a
_b麦田出版股份有限公司
_c2001
300 _b
490 _a欧阳林作品集; 14
650 _a现代别集
942 _cBK
_o848.2 OYL v.15 c.2
999 _c46256
_d46246